000 00254nam a2200109Ia 4500
008 240625s9999 xx 000 0 und d
041 _aeng
082 _a658.872 BAI
100 _aBAILEY MATT
245 _aINTERNET MARKETING AN HOUR A DAY
260 _c2012
999 _c40356
_d40356